Open Data Biblioteca Nacional de Portugal


República Portuguesa: Ministério da Cultura
Biblioteca Nacional de Portugal

Catálogo da BNP: acesso por Identificadores Unívocos
Registos Bibliográficos associados ao registo de autoridade

Etiqueta de registo: 00254nam 2200025 450
001 2284039
003 http://id.bnportugal.gov.pt/bib/catbnp/2284039
100 ## $a20260410d1585 m y0pory01030103ba
101 0# $alat
102 ## $aFR
105 ## $ay z 000yy
106 ## $ar
200 1# $aIoannis Gersonis cancellarii Parisiensis, seu potius, Thomae a Campis... De imitatione Christi, libri IIII$equibus ad christiani hominis vitam perfecte, absoluteque formandam adiecimus Dionysii Carthusiani aliquot opuscula, itemque cuiusdam prisci religiosi opusculum De via salutis aeternae, nunquam ante hac editum
210 #9 $aLugduni$cex officina Iuntarum, & Pauli Guitti,$d1585
215 ## $a370, [12], 554, 80 [i.e. 87, 1] p.$d16º
306 ## $aMarca do impressor na f. de rosto
307 ## $aAssin.: A-Mmm//8, Nnn//4, a-e//8, f//4
307 ## $aErros de numeração nas últimas p.
321 ## $aICCU IT\ICCU\PBEE\014905
500 10 $aDe imitatione Christi
517 1# $aDe via salutis aeternae
620 ## $dLyon
700 #0 $aTomás de Kempis,$fca. 1380-1471$346685
701 #1 $aDionysius Carthusianus,$f1402-1471$4070$31995301
702 #1 $aGerson,$bJean Charlier de,$f1369-1429$4340$332485
702 #1 $aGuitto,$bPaulo,$ffl. 1585-1587$4610$3557942
702 #1 $aGiunta,$ffl. 1587$4610$31400172
801 #0 $aPT$bBN$gRPC
966 ## $lBN$mFGMON$sR. 1734 P.
966 ## $lBN$mFGMON$sR. 9626 P.
971 ## $cpmesqui$d20260410
997 ## $aBIBEOD

OpendataBNP@bnportugal.pt | Mais informação sobre acesso aos dados BNP